| 000 | 01071nam a22002537a 4500 | ||
|---|---|---|---|
| 005 | 20170124103125.0 | ||
| 010 | _aA-004702 | ||
| 020 | _c00.00 | ||
| 035 | _aA-004702 | ||
| 037 | _bCen Lib/Ret | ||
| 040 |
_aDPL _bHN |
||
| 082 |
_a808.1 _bगुलाब |
||
| 100 |
_aगुलाबराय _982869 |
||
| 245 |
_aकाव्य के रूप : _cगुलाबराय _bसंसोधित और परिवर्तित संस्करण / |
||
| 246 |
_aKavya ke roop : sansodhit aur parivartit sanskaran _bby Gulabray |
||
| 260 |
_aदिल्ली _bआत्माराम एंड संस _c1958 |
||
| 270 |
_aकश्मीरी गेट _bदिल्ली _e110006 |
||
| 300 |
_aii,259पृष्ठ. _c20सेमी(सजिल्द) |
||
| 650 |
_aहिंदी साहित्य _982870 |
||
| 650 |
_aकाव्य की परिभाषा _91101 |
||
| 650 |
_ahindi literature _982871 |
||
| 650 |
_aThe definition of poetry _982872 |
||
| 942 |
_2ddc _cHN _h808.1 _mगुलाब |
||
| 999 |
_c118999 _d118999 |
||